000
00352nam a2200133Ia 4500
008
151001s9999||||xx |||||||||||||| ||und||
100
_a
वि वा भिडे
245
_a
चिमुकले रामायण
250
_a
9
260
_b
चित्रशाळा प्रकाशन
260
_c
1936
300
_a
48
365
_b
7
999
_c
952660
_d
952657